000 00802nam a22002417a 4500
003 OSt
005 20150408114103.0
008 110907s 2010enka f b 00| 0 eng d
020 _a9780077125363
040 _beng
082 _221
_a005.1
_bB S O
100 _aBennett, Simon
_94032
245 _aObject-oriented systems analysis and design :
_busing UML /
_cSimon Bennett; Steve McRobb; Ray Farmer
250 _a4th ed.
260 _aMaidenhead, Berkshire :
_bMcGraw-Hill Higher Education,
_c2010
300 _axxiii :
_bill ;
_c26 cm.
504 _aIncludes bibliographical references and index.
650 _aObject-oriented programming (Computer science)
_93959
650 _aSystem analysis.
_94033
700 _a McRobb, Steve
_94034
700 _aFarmer, Ray
_94035
942 _2ddc
_cBOOK
999 _c26358
_d260858